00636cas a22001694i 4500952009000000999001700090001001000107003001000117005001700127008004100144040004100185041000800226245005900234300006300293773010200356942000800458 001040708HEMaFUSBCbFUSBCd2016-01-26l0o r2016-01-26 00:00:00w2016-01-26yANA c62288d62288768714001CO-MdFUSB20180428101418.0180428s2017 cr ||||| |||| 00| 0 spa d aCO-MdFUSBbspacCO-MdFUSBdCO-MdFUSB aspa10aLecciones sobre el regreso de Cristo y el juicio final aVolumen 7. Número 12 (2007), páginas 186-189c: 28 cm.0 tConquista Cristiana049446960281gVolumen 7. Número 12 (2007), páginas 186-189qpágina 186 cANA